| 000 | 00556nam a22001457a 4500 | ||
|---|---|---|---|
| 003 | OSt | ||
| 005 | 20250808103525.0 | ||
| 008 | 230920b |||||||| |||| 00| 0 eng d | ||
| 040 | _cCO-JMCR | ||
| 082 | 0 | 4 |
_aLM _bMASw |
| 100 | 1 | 0 |
_aWolf, Tony, _eautor _942925 |
| 245 |
_aLas Más bellas historias de la Mitología / _cTony Wolf |
||
| 520 | _aExtraordinarias aventuras de dioses héroes del olimpo, ilustradas por Tony Wolf, para que los niños más pequeños se vayan a la cama con estas maravillosas leyenda de hace muchos, muchos años. | ||
| 942 |
_2ddc _cBK |
||
| 999 |
_c30268 _d16652 |
||